Catálogo de la Biblioteca Horacio González - Universidad Nacional de General Sarmiento

Diccionario de la lengua española (Registro nro. 48140)

Detalles MARC
000 -CABECERA
campo de control de longitud fija 00817nac a22002890a 4500
001 - NÚMERO DE CONTROL
campo de control PT14042
003 - IDENTIFICADOR DEL NÚMERO DE CONTROL
campo de control AR-LpoUNG
005 - FECHA Y HORA DE LA ÚLTIMA TRANSACCIÓN
campo de control 20210201005012.0
008 - DATOS DE LONGITUD FIJA--INFORMACIÓN GENERAL
campo de control de longitud fija 201001s2002||||ag |||||||||||||||||spa d
020 ## - NÚMERO INTERNACIONAL ESTÁNDAR DEL LIBRO
Número Internacional Estándar del Libro 950852149X (O.C.)
Condiciones de disponibilidad $12.66
020 ## - NÚMERO INTERNACIONAL ESTÁNDAR DEL LIBRO
Número Internacional Estándar del Libro 9508521511 (T. 2)
Condiciones de disponibilidad $12.66
040 ## - FUENTE DE LA CATALOGACIÓN
Centro catalogador/agencia de origen AR-LpoUNG
Lengua de catalogación spa
Normas de descripción aacr
041 ## - CÓDIGO DE LENGUA
Código de lengua del texto/banda sonora o título independiente spa
044 ## - CÓDIGO DEL PAÍS DE LA ENTIDAD EDITORA/PRODUCTORA
Código MARC del país ag
082 0# - NÚMERO DE LA CLASIFICACIÓN DECIMAL DEWEY
Número de clasificación R403 545v2
245 10 - MENCIÓN DE TÍTULO
Título Diccionario de la lengua española
250 ## - MENCIÓN DE EDICIÓN
Mención de edición 22ª edición
260 ## - PUBLICACIÓN, DISTRIBUCIÓN, ETC.
Lugar de publicación, distribución, etc. Buenos Aires :
Nombre del editor, distribuidor, etc. Espasa Calpe,
Fecha de publicación, distribución, etc. noviembre de 2002.
300 ## - DESCRIPCIÓN FÍSICA
Extensión xi, [1188] p. :
Otras características físicas Fots.
Extensión (2
Tipo de unidad Volúmenes)
Especificación de materiales Impreso
490 0# - MENCIÓN DE SERIE
Mención de serie Diccionario de la lengua española
650 #4 - PUNTO DE ACCESO ADICIONAL DE MATERIA--TÉRMINO DE MATERIA
Término de materia o nombre geográfico como elemento de entrada LEXICOGRAFIA
650 #4 - PUNTO DE ACCESO ADICIONAL DE MATERIA--TÉRMINO DE MATERIA
Término de materia o nombre geográfico como elemento de entrada MATERIAL DE REFERENCIA
650 #4 - PUNTO DE ACCESO ADICIONAL DE MATERIA--TÉRMINO DE MATERIA
Término de materia o nombre geográfico como elemento de entrada TERMINOLOGIA
710 2# - PUNTO DE ACCESO ADICIONAL--NOMBRE DE ENTIDAD CORPORATIVA
Nombre de entidad corporativa o nombre de jurisdicción como elemento de entrada Academia Española (Madrid)
905 ## - ELEMENTOS DE DATOS E LOCAL, LDE (RLIN)
a 14042
942 ## - ELEMENTOS DE PUNTO DE ACCESO ADICIONAL (KOHA)
Tipo de ítem Koha Lectura en Sala
Existencias
Estado de retiro Estado de pérdida Estado dañado No para préstamo Código de colección Localización permanente Ubicación/localización actual Fecha de adquisición Total de préstamos Signatura topográfica completa Código de barras Fecha visto por última vez Fecha del último préstamo Precio válido a partir de Tipo de ítem Koha
        Colección Referencia Biblioteca Universidad Nacional de General Sarmiento Biblioteca Universidad Nacional de General Sarmiento 01/02/2021 1 403 545v2 S00016422 28/08/2023 24/08/2023 01/02/2021 Lectura en Sala